[Event "5th Vardaris Open 2019"]
[Site "Thessaloniki"]
[Date "2019.03.09"]
[Round "4.2"]
[White "Rahmanidis, Petros"]
[Black "Nomin-Erdene, Davaademberel"]
[Result "1/2-1/2"]
[WhiteElo "2112"]
[BlackElo "2389"]
[Annotator "TA"]
[PlyCount "120"]
[EventDate "2019.02.27"]
[EventType "swiss"]
[EventCountry "GRE"]
[SourceTitle "playchess.com"]
[Source "ChessBase"]
[SourceQuality "1"]

{[%evp 9,120,-33,-33,-33,-7,-14,-9,-33,0,-21,12,7,49,37,56,33,56,16,31,27,55,51,58,27,35,27,64,62,72,64,82,84,82,52,159,147,158,174,145,95,110,47,43,45,64,-22,154,151,191,186,238,277,298,295,459,452,549,283,245,222,213,42,42,43,211,227,824,812,865,883,856,877,652,865,866,843,839,250,815,819,779,799,753,777,872,759,657,425,353,46,41,39,40,43,47,1,2,3,8,0,0,0,0,0,0,0,0,0,0,-8,-8,-8,-8]} 1. e4 e6 2. Qe2 Ne7 3. Nf3 d5 4. d3 b6 (4... c5 5. g3 Nbc6 6. Bg2 g6 7. O-O Bg7 8. e5 Qc7 9. Re1 b6 10. c3 a5 11. a4 Ba6 12. Na3 O-O 13. h4 Nf5 14. Bf4 h6 15. Nb5 Qd7 {1-0 (45) Huschenbeth,N (2575)-Yang,D (2493) Rockville 2017}) 5. e5 c5 6. g3 {C00: French: Unusual White 2nd moves} Bb7 7. Bg2 h6 $146 ({Predecessor:} 7... Nbc6 8. O-O h6 9. h4 Qc7 10. c3 O-O-O {1-0 (40) Holzwarth,P (1962)-Ast,B (1989) Walldorf 2017}) 8. h4 g6 9. Bf4 Bg7 10. c3 Nd7 11. Na3 a6 12. Nc2 Qc7 13. Kf1 Bc6 14. Kg1 Qb7 15. d4 b5 16. b4 cxd4 17. cxd4 (17. Nfxd4 Qc7 $15) 17... Nc8 18. Nfe1 Ncb6 19. Nd3 Nc4 20. Rf1 a5 21. Bc1 Bf8 {[#]} ({Better is} 21... h5 $14) 22. h5 $1 $16 g5 23. f4 gxf4 24. gxf4 axb4 25. Ndxb4 (25. Ncxb4 $16 Bxb4 26. Nxb4) 25... Qb6 $14 26. Qf2 Bb7 27. f5 (27. Kh2 $1 $14) 27... O-O-O $2 (27... Ndxe5 $1 $11 28. Rh4 (28. dxe5 $2 Bc5 $19) 28... Be7) 28. Kh2 Rg8 29. Bh3 Ndxe5 (29... exf5 $142 30. Bxf5 Kb8) 30. dxe5 $18 Bc5 {[#]} 31. Qe2 $1 Nxe5 (31... exf5 $142 32. Bxf5+ Kb8) 32. fxe6 (32. Qxe5 $2 Bd6 $19) 32... Kb8 33. Bf4 f6 34. Nd3 Bd6 35. Nxe5 $2 (35. Nce1 $18) 35... fxe5 $14 36. Bxe5 {Rhg1 is the strong threat.} d4 $2 (36... Qc7 $1 $14 37. Rf5 d4) 37. e7 Rde8 $2 (37... Rge8 38. Rf7 (38. exd8=R+ $2 Qxd8 39. Rf8 Rxf8 $19) (38. exd8=B $2 Rxe5 39. Kg1 Qxd8 $19) (38. Nxd4 Rxe7 39. Ne6 Qc7 $11) 38... d3 39. exd8=Q+ (39. exd8=R+ Qxd8 40. Rxb7+ Kxb7 $16) 39... Qxd8 40. Rxb7+ {[%mdl 64] Remove Defender} Kxb7 41. Qf3+ (41. Qe4+ Kc7 $15) 41... Kc7) 38. Rf6 $18 {[%mdl 64] Double Attack} Bxe5+ 39. Qxe5+ {[%mdl 64] Double Attack} Qc7 40. Qxc7+ Kxc7 41. Re1 d3 42. Nd4 d2 43. Nxb5+ Kb8 44. Rd1 Rxe7 45. Rxd2 Re1 46. Rg6 Rh1+ 47. Kg3 Rf8 48. Bg2 Rxh5 49. Rb6 $2 ({White should try} 49. a4 $18 Bxg2 50. Kxg2) 49... Rg8+ $14 50. Kf4 Rh4+ 51. Ke5 Rg5+ 52. Kf6 {[%cal Rd2d8]} Rf4+ {The position is equal.} 53. Ke7 {[%cal Rd2d8]} Rg7+ 54. Ke6 {[%cal Rd2d8]} Rg6+ 55. Ke5 {[%cal Rd2d8][%mdl 64] Discovered Attack} Rxb6 56. Rd8+ Bc8 57. Kxf4 Rxb5 58. Bh3 Rc5 59. Rxc8+ Rxc8 60. Bxc8 Kxc8 {Accuracy: White = 46%, Black = 28%.} 1/2-1/2

[Event "5th Vardaris Open 2019"]
[Site "Thessaloniki"]
[Date "2019.03.09"]
[Round "4.3"]
[White "Halkias, Stelios"]
[Black "Kesidis, Odyseas"]
[Result "1-0"]
[WhiteElo "2552"]
[BlackElo "2254"]
[Annotator "TA"]
[PlyCount "103"]
[EventDate "2019.02.27"]
[EventType "swiss"]
[EventCountry "GRE"]
[SourceTitle "playchess.com"]
[Source "ChessBase"]
[SourceQuality "1"]

{[%evp 12,103,26,35,59,44,57,27,41,40,20,11,42,39,46,50,47,47,60,70,121,120,122,112,102,83,72,81,68,50,49,49,53,18,14,11,37,-5,40,46,44,39,32,35,35,17,24,12,22,29,20,14,40,41,50,45,51,34,40,31,28,30,231,191,217,31,89,89,91,89,74,74,67,75,443,425,891,860,875,782,1660,1467,2326,2251,2144,2100,1932,1849,1688,1656,5493,5393,1747,1652]} 1. Nf3 Nf6 2. c4 e6 3. g3 d5 4. d4 dxc4 5. Bg2 Nc6 6. Qa4 Bd7 7. Qxc4 Bd6 {E02: Open Catalan: 5 Qa4+} 8. Nc3 (8. O-O O-O 9. Nc3 a6 10. Bg5 h6 11. Bxf6 Qxf6 12. Rac1 Rfc8 13. Ne4 Qe7 14. Nc5 Rab8 15. Rfd1 {1-0 (73) Swapnil,S (2532)-Short,N (2698) Douglas 2017}) 8... O-O 9. Bg5 h6 {White has an edge.} 10. Bxf6 Qxf6 11. O-O Rab8 12. Rfd1 $146 ({Predecessor:} 12. Ne4 Qe7 13. Rfd1 Rfd8 14. Rac1 Rbc8 15. a3 {1-0 (44) Meins,G (2460)-Hunt,H (2360) Groningen 1997}) 12... Rfd8 13. Rac1 e5 14. Ne4 Qg6 15. d5 {Black must now prevent Nh4.} Ne7 (15... b5 $14 16. Qc2 Nb4) 16. Nh4 $1 $16 {[%cal Rh4g6]} Qh7 17. Nxd6 cxd6 18. Qc7 Nf5 19. Be4 {Strongly threatening g4.} g5 20. Ng2 {And now Ne3 would win.} Qg7 {Black wants to play ...Nd4.} 21. Bxf5 Bxf5 22. f3 e4 23. Ne3 Bd7 (23... Bg6 {keeps more tension.} 24. Rd2 exf3 25. exf3 Qf6 26. Kg2 h5) 24. Qc3 (24. fxe4 {with more complications.} Qe5 25. Rc3 Bh3 26. Qc4 Re8 27. Rd4) 24... Qxc3 (24... exf3 {is interesting.} 25. Qxg7+ Kxg7 26. exf3 Rbc8 27. Kf2 b5) 25. Rxc3 exf3 26. exf3 Rbc8 27. Rdc1 Kf8 28. Kf2 Rxc3 29. Rxc3 Rc8 30. Rxc8+ Bxc8 $11 {[%mdl 4096] Endgame KB-KN} 31. g4 Ke7 32. Kg3 b6 33. f4 Kf6 34. a3 Ke7 35. h4 f6 36. h5 b5 $2 (36... Bd7 $11) 37. Kf3 $18 a5 38. Ke4 $2 ({White has to play} 38. b3 $1 $18) 38... a4 (38... gxf4 $14 39. Kxf4 a4) 39. f5 $16 Kd7 40. Nc2 Kc7 41. Nb4 Bd7 42. Kd4 Kb6 $2 {[%mdl 8192]} (42... Bc8 $16 {is tougher.}) 43. Nd3 $18 {White is clearly winning.} Kc7 {[#]} (43... b4 $142 44. axb4 (44. Nxb4 Bb5 $16) 44... Kb5) 44. Nf2 $1 {[%cal Rf2e4]} Kd8 45. Ne4 $1 {[%csl LRd6,LRf6]} Ke7 46. Kc3 Bc8 {[#]} 47. Kb4 $1 Bb7 48. Nc3 Kd7 49. Kxb5 Kc7 50. Ka5 Kd7 51. Kb6 Kc8 52. Ka7 {Accuracy: White = 67%, Black = 33%.} 1-0

[Event "5th Vardaris Open 2019"]
[Site "Thessaloniki"]
[Date "2019.03.09"]
[Round "4.4"]
[White "Kanakaris, Georgios"]
[Black "Tilicheev, Viacheslav"]
[Result "1-0"]
[WhiteElo "2403"]
[BlackElo "2540"]
[Annotator "TA"]
[PlyCount "85"]
[EventDate "2019.02.27"]
[EventType "swiss"]
[EventCountry "GRE"]
[SourceTitle "playchess.com"]
[Source "ChessBase"]
[SourceQuality "1"]

{[%evp 10,85,12,0,23,29,11,22,33,21,36,20,27,5,0,20,43,4,18,0,0,-6,-2,-7,15,8,22,30,21,46,58,58,75,73,76,76,79,76,86,77,80,77,79,75,100,97,100,103,102,104,163,154,166,149,116,119,138,140,132,124,268,291,271,163,452,443,422,414,1201,1197,1166,1165,1075,829,804,730,29994,29995]} 1. d4 g6 2. Nf3 Bg7 3. g3 Nf6 4. Bg2 O-O 5. O-O d5 6. Ne5 Nc6 {D02: 1 d4 d5 2 Nf3 sidelines, including 2...Nf6 3 g3 and 2...Nf6 3 Bf4} (6... Bf5 7. c4 c6 8. Nc3 dxc4 9. Nxc4 Be6 10. b3 Nd5 11. Ne4 Nb6 12. Ne5 Bd5 13. Bb2 N8d7 14. Nd3 a5 15. a4 Re8 16. Rc1 {½-½ (26) Cordova,E (2637)-Mamedov,R (2678) Atlantic City 2016}) 7. Nc3 Nxe5 8. dxe5 Ng4 {The position is equal.} 9. Qxd5 {Strongly threatening Rd1.} Nxe5 10. Rd1 $146 ({Predecessor:} 10. Bf4 e6 11. Qxd8 Rxd8 12. Rfd1 Bd7 13. a3 c6 14. Na4 b6 15. c4 Nxc4 16. Bc7 {1-0 (16) Repina,V-Korchagina,V Serpukhov 2001}) 10... Nd7 11. Bg5 c6 12. Qd2 Qb6 13. Rab1 Re8 14. Be3 Qc7 15. Ne4 Ne5 16. Bh6 Bh8 17. h3 Be6 18. b3 Rad8 19. Qe3 $40 {[%mdl 128] White is up to no good.} Qb6 20. Nc5 Bf5 21. Bf4 Nd7 22. Nxd7 Rxd7 23. Qxb6 Rxd1+ 24. Rxd1 axb6 25. g4 Be6 26. c4 Ra8 27. a4 f5 28. g5 Kf7 29. Bc7 b5 (29... Bg7 $16) 30. axb5 $18 cxb5 31. cxb5 Bxb3 32. Rb1 Bc4 33. b6 Ba6 34. e3 e6 {[#]} (34... Bc3 $16) 35. Rb4 $1 Ke8 36. Ra4 Bg7 $2 (36... Kd7 {might work better.} 37. Bf1 Kc6) 37. Bf1 Kd7 {[#]} 38. Bb5+ $1 {[%mdl 512]} Kc8 (38... Bxb5 $142 39. Rxa8 Bc6) 39. Be8 Bh8 40. f4 Bg7 41. Kf2 Bh8 42. Ra2 {White threatens Rd2 and mate.} Bg7 43. Rd2 {Accuracy: White = 82%, Black = 38%.} 1-0

[Event "5th Vardaris Open 2019"]
[Site "Thessaloniki"]
[Date "2019.03.09"]
[Round "4.5"]
[White "Spyropoulos, Nikolaos"]
[Black "Malikentzos, Sotirios"]
[Result "1-0"]
[WhiteElo "2385"]
[BlackElo "2450"]
[Annotator "TA"]
[PlyCount "59"]
[EventDate "2019.02.27"]
[EventType "swiss"]
[EventCountry "GRE"]
[SourceTitle "playchess.com"]
[Source "ChessBase"]
[SourceQuality "1"]

{[%evp 9,59,0,27,30,33,33,28,20,25,29,22,25,31,19,29,33,29,34,27,4,76,83,191,178,291,104,81,70,80,80,205,198,316,318,317,314,379,375,372,371,350,354,1439,1397,5098,4878,2207,2160,1859,1758,1264,1033]} 1. e4 c6 2. d4 d5 3. e5 c5 4. dxc5 e6 5. a3 (5. Nf3 Bxc5 6. a3 Ne7 7. Bd3 Ng6 8. O-O O-O 9. Nbd2 Nc6 10. b4 Bb6 11. Bxg6 fxg6 12. Nb3 Bd7 13. Re1 {1-0 (29) Anand,V (2773)-Mamedyarov,S (2817) Wijk aan Zee 2019}) 5... Nc6 6. Nf3 $1 {B12: Caro-Kann: Advance Variation} Bxc5 7. b4 Bb6 8. Bb2 {White has an edge.} Nge7 9. Bd3 Ng6 10. O-O O-O 11. Re1 f6 12. exf6 gxf6 13. c4 $146 Nf4 14. Nc3 (14. Bf1 {feels hotter.} dxc4 15. Nbd2 Nd3 16. Bxd3 cxd3 17. Nc4) 14... Nxd3 (14... Ne5 $11 {keeps the balance.} 15. Bf1 (15. Nxe5 fxe5 16. c5 Qg5 $11) 15... Nxc4) 15. Qxd3 $16 {[%cal Rc4d5]} dxc4 (15... d4 $16 {was called for.}) 16. Qxc4 $18 Nd4 (16... Kh8 $142 17. Na4 e5) 17. Nxd4 $2 (17. Rad1 $18 {[%cal Rf3d4] and the rest is easy.} Nxf3+ 18. gxf3) 17... Qxd4 $16 18. Qb3 $36 {[%mdl 2048] Black must now prevent Ne4. White has the initiative.} Qxf2+ 19. Kh1 Qf5 (19... Qh4 $16 {keeps fighting.}) 20. Ne4 Bc7 (20... Bd7 {was necessary.} 21. Qg3+ Qg6) 21. Rac1 $18 Be5 22. Rc5 b6 {[#]} 23. Rxe5 $1 {[%mdl 576] Remove Defender} fxe5 24. Qg3+ {[%mdl 64] Double Attack} Qg6 {Strongly threatening ...Bb7.} 25. Qxe5 Kf7 $2 (25... Bb7 26. Ng5 Qf6 27. Qxf6 Rxf6 28. Bxf6 Bd5) 26. Nf6 {White is clearly winning.} Re8 27. Rf1 {Threatening mate with Nd5+.} Ba6 28. b5 {White threatens Ne4+ and mate.} Qd3 29. Qh5+ {[%mdl 64] [#] Double Attack} Ke7 30. Rd1 {Accuracy: White = 71%, Black = 33%.} 1-0

[Event "5th Vardaris Open 2019"]
[Site "Thessaloniki"]
[Date "2019.03.09"]
[Round "4.6"]
[White "Stanojoski, Zvonko"]
[Black "Stefan, Victor"]
[Result "1-0"]
[WhiteElo "2453"]
[BlackElo "2065"]
[Annotator "TA"]
[PlyCount "73"]
[EventDate "2019.02.27"]
[EventType "swiss"]
[EventCountry "GRE"]
[SourceTitle "playchess.com"]
[Source "ChessBase"]
[SourceQuality "1"]

{[%evp 11,73,-2,14,12,22,16,22,14,15,0,0,-6,0,0,0,-10,6,-14,0,0,0,-5,14,13,11,-18,14,13,43,37,38,36,55,48,177,74,158,66,56,8,82,40,66,81,158,157,147,139,118,118,158,137,197,155,402,410,441,442,1627,1658,1625,1613,1467,1435]} 1. d4 d5 2. Bf4 Nf6 3. Nd2 e6 4. e3 c5 5. c3 Nc6 6. Ngf3 cxd4 7. exd4 {D02: 1 d4 d5 2 Nf3 sidelines, including 2...Nf6 3 g3 and 2...Nf6 3 Bf4} Nh5 8. Be3 Bd6 9. Ne5 {The position is equal.} (9. Bd3 Nf4 10. Bxf4 Bxf4 11. g3 Bd6 12. O-O O-O 13. Re1 Bd7 14. h4 h6 {1-0 (44) Caruana,F (2822)-Aronian,L (2767) chess.com INT 2018}) 9... g6 10. Be2 Ng7 11. f4 Nf5 12. Bf2 f6 13. Nd3 {[#]} O-O $146 ({Predecessor:} 13... h5 14. Nf3 Qc7 {1-0 (32) Sandipan,C (2573)-Kobalia,M (2628) Moscow 2017}) 14. Nf3 Na5 15. g4 Ng7 16. b3 Qc7 17. Qd2 $36 {[%mdl 2048] White is more active.} Nc6 18. h3 Bd7 19. O-O Rae8 20. c4 dxc4 21. bxc4 Qb8 22. Rab1 h6 {[#]} (22... b6 $14) 23. Be3 (23. Nde5 $1 $18 {[%mdl 512] and White stays clearly on top.} fxe5 (23... Nxe5 24. fxe5) 24. fxe5 (24. dxe5 Bc7 $11)) 23... g5 (23... Rd8 $142) 24. fxg5 (24. h4 $16) 24... hxg5 $14 25. Nf2 {Hoping for Ne4.} Ne7 (25... Bb4 $1 $11 26. Qd3 (26. Rxb4 Nxb4 27. Qxb4 Qg3+ 28. Kh1 Bc6 $11) 26... Ba5) 26. Bd3 Bc6 {[#] ( -> ...Bh2+!)} 27. Be4 Bxe4 (27... Qc7 $142) 28. Nxe4 $16 Ng6 29. Nxd6 Qxd6 30. Rxb7 Rb8 31. Rxa7 Rfc8 (31... Ra8 $16 32. Rxa8 Rxa8) 32. c5 Qd5 $2 (32... Qg3+ $16 33. Qg2 Qxg2+ 34. Kxg2 Ne8) 33. Qc2 $18 ({Not} 33. Nxg5 fxg5 34. Rff7 (34. Bxg5 Ra8 $11) 34... Rb1+ 35. Kh2 (35. Kf2 $2 Rf8 $19) 35... Ne8 $14) 33... f5 34. Bxg5 {White is clearly winning.} e5 (34... Ra8 $142) 35. Bh6 Rb7 36. Rxb7 Qxb7 37. gxf5 {Accuracy: White = 42%, Black = 27%.} 1-0

[Event "5th Vardaris Open 2019"]
[Site "Thessaloniki"]
[Date "2019.03.09"]
[Round "4.7"]
[White "Triantos, Konstantinos"]
[Black "Lazov, Toni"]
[Result "0-1"]
[WhiteElo "2062"]
[BlackElo "2332"]
[Annotator "TA"]
[PlyCount "104"]
[EventDate "2019.02.27"]
[EventType "swiss"]
[EventCountry "GRE"]
[SourceTitle "playchess.com"]
[Source "ChessBase"]
[SourceQuality "1"]

{[%evp 9,104,25,42,43,45,29,35,21,25,14,25,10,39,0,7,12,8,0,9,-10,0,-20,23,0,0,0,0,0,0,0,0,0,-3,-38,-28,-92,-90,-82,-95,-109,-92,-111,-83,-71,-80,-85,-78,-73,-24,-27,0,0,0,-26,-23,-54,-18,-23,-25,-16,-21,-23,-23,-100,51,0,0,-100,-92,-225,-225,-454,-454,-454,-454,-454,-454,-681,-674,-576,-576,-1149,-772,-29963,-29959,-29964,-12447,-29970,-29971,-29975,-29976,-29978,-29979,-29979,-29979,-29977,-29978]} 1. e4 e5 2. Nf3 Nc6 3. Bb5 a6 4. Ba4 b5 5. Bb3 g6 6. c3 {C70: Ruy Lopez: 3...a6 4 Ba4, Norwegian and Delayed Schliemann} Bg7 7. d4 exd4 8. cxd4 {White is slightly better.} Nge7 9. O-O O-O 10. Nc3 d6 11. h3 Na5 12. Bc2 c5 13. dxc5 dxc5 14. Qxd8 (14. Bg5 {looks sharper.} Qc7 15. Qc1 Bb7 16. Bf4 Qb6 17. Be5) 14... Rxd8 15. Be3 Nb7 16. e5 {[#]} Bf5 $146 17. Be4 Bxe4 18. Nxe4 Nc6 19. Bg5 ({Reject} 19. Nxc5 Nxc5 20. Bxc5 Nxe5 $17) 19... Rd3 20. Bf6 Bxf6 21. Nxf6+ (21. exf6 {seems wilder.} Re8 22. Rae1 Rdd8 23. b3 h6 24. Nc3) 21... Kg7 22. Rad1 (22. b3 $11) 22... Nxe5 23. Nxe5 Rxd1 24. Rxd1 Kxf6 25. Nxf7 $17 {[%mdl 4096] Endgame KRN-KRN} c4 26. Nh6 Rd8 27. Ng4+ Ke6 28. Re1+ Kf7 29. Ne5+ Kf6 30. Ng4+ Kf7 $1 31. Ne5+ Kf8 32. b3 cxb3 33. axb3 a5 34. Rc1 a4 35. bxa4 $1 bxa4 36. Rc7 {[#]} (36. Nc4 $11) 36... Rd1+ (36... a3 $1 $17 37. Rc2 Ra8) 37. Kh2 $11 a3 {[%cal Ba4a3,Ba3a2][%mdl 32] White must now prevent ...a2.} 38. Rxb7 {KRN-KR} (38. Nd7+ $1 $11 {keeps the balance.} Ke8 39. Nf6+ {[%mdl 64] Discovered Attack} Kd8 40. Rxb7) 38... a2 $17 39. Nd7+ {[#]} (39. Rf7+ $17 Ke8 40. Ra7) 39... Rxd7 $1 $19 {[%mdl 512] KR-KR} 40. Rb8+ $2 {[#]} (40. Rxd7 {was the only defense.} a1=Q 41. Rxh7) 40... Ke7 $1 41. Ra8 Rd2 42. Kg3 Kd6 43. Kf3 (43. Rd8+ $142 Kc5 44. Rxd2) 43... Kc5 44. Ke3 Rb2 45. g4 Kb4 46. Kf4 Rxf2+ 47. Kg5 Rh2 48. h4 Kb3 {Black mates.} 49. h5 gxh5 50. gxh5 Kb2 51. Rb8+ Kc1 52. Rc8+ Kb1 {Accuracy: White = 28%, Black = 76%.} 0-1

[Event "5th Vardaris Open 2019"]
[Site "Thessaloniki"]
[Date "2019.03.09"]
[Round "4.8"]
[White "Yordanov, Lachezar"]
[Black "Alvin, Leo"]
[Result "1-0"]
[WhiteElo "2308"]
[BlackElo "2042"]
[Annotator "TA"]
[PlyCount "109"]
[EventDate "2019.02.27"]
[EventType "swiss"]
[EventCountry "GRE"]
[SourceTitle "playchess.com"]
[Source "ChessBase"]
[SourceQuality "1"]

{[%evp 12,109,17,4,16,4,9,2,33,0,2,-12,-7,-7,-10,-20,-27,-25,-20,-26,7,0,13,13,18,13,17,13,24,24,24,21,18,20,21,21,16,20,25,25,28,10,17,8,20,7,8,7,7,0,0,0,14,14,18,8,9,21,27,0,0,0,0,0,0,0,0,0,0,0,8,23,695,579,549,531,277,104,29961,495,4702,1830,29977,29980,29980,29981,29981,29982,29981,29982,29983,29984,29984,29985,29985,29986,29986,29987,29987,29988]} 1. Nf3 d5 2. e3 Nf6 3. c4 c6 4. Nc3 e6 {[%cal Be7e6,Be6e5][%mdl 32]} 5. d4 Nbd7 6. Bd2 a6 {D45: Semi-Slav: 5 e3} 7. c5 {LiveBook: 13 Games} (7. Qc2 b6 8. e4 dxe4 9. Nxe4 Nxe4 10. Qxe4 Nf6 11. Qh4 c5 12. d5 Be7 13. O-O-O exd5 14. cxd5 Ng4 15. Bg5 Bxg5+ 16. Nxg5 {½-½ (85) Rapport,R (2686)-Svane,R (2595) Germany 2017}) 7... Qe7 8. Be2 g6 $146 {The position is equal.} ({Predecessor:} 8... e5 9. O-O h5 10. Rc1 e4 11. Ne1 Ng4 12. f3 exf3 13. Nxf3 g6 14. e4 dxe4 15. Nxe4 Qxe4 {1-0 (36) Diogo,V (2300)-Neves,P (2218) Porto 2013}) 9. O-O e5 10. b4 Bg7 11. a4 O-O 12. Rc1 Ne4 13. Nxe4 dxe4 14. Nxe5 Nxe5 15. dxe5 Bxe5 16. Qc2 Rd8 (16... Qh4 $5 17. g3 $8 Qf6 $11) 17. Bc3 Bxc3 18. Qxc3 Be6 19. Rfd1 Bd5 20. h3 Qe6 21. Rd4 Rd7 22. Rcd1 Rad8 23. Bg4 f5 24. Be2 Kf7 25. b5 axb5 26. axb5 Qf6 27. Qa5 Ke7 28. bxc6 bxc6 29. Qa1 Be6 30. Qa4 Rxd4 31. Rxd4 Bd5 32. g3 h5 {[%cal Bh7h5,Bh5h4][%mdl 32]} 33. h4 g5 34. hxg5 Qxg5 35. Qa7+ (35. Rxd5 $5 Rxd5 36. Qxc6 $14) 35... Rd7 $1 {[%cal Rd7a7]} 36. Qb8 {[#] And now Qe5+ would win.} h4 37. Qe5+ Kf7 38. Bc4 hxg3 39. Bxd5+ Rxd5 40. Rxd5 gxf2+ 41. Kxf2 {Threatening mate with Rd7+.} Qh4+ $2 {[%mdl 8192]} (41... cxd5 $11 42. Qxd5+ Ke8) 42. Ke2 $18 {White threatens Rd7+ and mate.} Qg4+ 43. Kd2 {White wants to mate with Rd7+.} cxd5 44. Qxd5+ {[%mdl 4096] Endgame KQ-KQ} Kf6 $2 {[%mdl 8192] [#]} (44... Ke8 $16) 45. c6 (45. Qd6+ $142 Kf7 46. c6 Qg2+ 47. Kc3 Qg7+ 48. Kc4 Qa1 49. c7 Qa4+ 50. Kc3 Qa5+ 51. Kb3 Qb5+ 52. Qb4 Qd3+ 53. Qc3 Qb5+ 54. Kc2 Qe2+ 55. Kc1 Qf1+ 56. Kb2 Qe2+ 57. Qc2 Qxe3 58. Qc4+ Kg6 59. c8=Q Qd2+ 60. Kb3 Qd1+ 61. Kb2 Qd2+ 62. Kb3 Qd1+ 63. Kb2 Qd2+) 45... Qg2+ (45... Qg3 $142 46. Qd8+ Kf7 47. Qd7+ Kf8 48. Qd8+ Kf7 49. Qd7+ Kf6) 46. Kc3 Qf1 47. Qd6+ {White mates.} Kf7 48. c7 Qc1+ 49. Kb4 Qb2+ 50. Ka5 Qc3+ 51. Ka6 Qc4+ 52. Kb7 Qb5+ 53. Qb6 Qd5+ 54. Ka7 Qd7 55. Kb8 {Precision: White = 59%, Black = 55%.} 1-0

[Event "5th Vardaris Open 2019"]
[Site "Thessaloniki"]
[Date "2019.03.09"]
[Round "4.9"]
[White "Markidis, Konstantinos"]
[Black "Papageorgiou, Ioannis"]
[Result "1/2-1/2"]
[WhiteElo "2293"]
[BlackElo "1985"]
[Annotator "TA"]
[PlyCount "45"]
[EventDate "2019.02.27"]
[EventType "swiss"]
[EventCountry "GRE"]
[SourceTitle "playchess.com"]
[Source "ChessBase"]
[SourceQuality "1"]

{[%evp 17,45,15,18,18,41,38,48,45,59,39,41,11,27,0,22,10,22,0,43,19,82,77,141,150,136,12,12,-47,-44,-48]} 1. e4 c5 2. Nf3 e6 3. g3 d5 4. exd5 exd5 5. d4 Nc6 6. Bg2 Nf6 7. O-O Be7 8. dxc5 Bxc5 9. Nc3 O-O 10. a3 {B40: Sicilian: 2...e6, Unusual lines} a6 11. b4 Be7 12. Bb2 {White is slightly better.} Bf5 13. Rc1 $146 ({Predecessor:} 13. Nd4 Bg6 14. Re1 Re8 15. Nb3 d4 16. Ne2 d3 17. cxd3 Qxd3 18. Qxd3 Bxd3 {1-0 (53) Illescas Cordoba,M (2608)-Suarez Garcia,C (2321) Linares 2013}) 13... Rc8 14. h3 h6 15. Ne2 Qd7 16. g4 Be6 17. Ned4 Rfd8 18. Nxe6 Qxe6 (18... fxe6 $11 19. Re1 Ne4) 19. Re1 $1 $16 {[%cal Re1e6]} Ne4 (19... Qd7 $142) 20. c4 $1 {[%cal Rc4d5] Hoping for cxd5.} Bf6 {[#]} 21. Bxf6 ({Only move:} 21. cxd5 $1 $16 Qxd5 22. Qxd5 Rxd5 23. Bxf6 Nxf6 {[#]} 24. Ne5 $1 {[%mdl 576] Pin}) 21... Qxf6 $11 22. Qd3 ({White should try} 22. Qe2 $11) 22... Ne5 $1 $15 {[%cal Re5d3]} 23. Nxe5 {Accuracy: White = 36%, Black = 28%.} 1/2-1/2

[Event "5th Vardaris Open 2019"]
[Site "Thessaloniki"]
[Date "2019.03.09"]
[Round "4.10"]
[White "Tsaknakis, Zisis"]
[Black "Malataras, Gerasimos"]
[Result "1-0"]
[WhiteElo "2243"]
[BlackElo "1953"]
[Annotator "TA"]
[PlyCount "85"]
[EventDate "2019.02.27"]
[EventType "swiss"]
[EventCountry "GRE"]
[SourceTitle "playchess.com"]
[Source "ChessBase"]
[SourceQuality "1"]

{[%evp 18,85,25,-7,2,-26,-22,-51,-37,-60,-43,-28,0,0,0,-8,0,0,10,0,0,20,2,0,0,0,29,31,23,34,18,21,23,10,105,105,143,139,141,139,141,141,141,142,136,119,117,105,154,157,157,152,206,194,191,184,193,202,197,188,393,380,377,366,353,356,475,456,29991,29992]} 1. c4 e6 2. Nf3 Nf6 3. e3 d5 4. d4 Be7 5. b3 O-O 6. Bd3 c5 7. O-O b6 8. Bb2 Nc6 9. Nc3 Bb7 10. Rc1 Rc8 {E14: Queen's Indian: Classical Variation (4 e3)} 11. Na4 (11. Re1 h6 12. cxd5 Nxd5 13. Nxd5 Qxd5 14. e4 Qd8 15. dxc5 Bxc5 16. a3 Nd4 17. Bb1 Nxf3+ 18. Qxf3 {½-½ (63) Li,C (2732)-Xiang,Z (2411) China 2018}) 11... cxd4 12. exd4 dxc4 {Black is slightly better.} 13. bxc4 Na5 $146 ({Predecessor:} 13... Nb4 14. Bb1 Qd7 15. Ne5 Qe8 16. Nc3 Nc6 17. Re1 Nxe5 18. dxe5 {1-0 (30) Mason,W-James,H Nelson 1912}) 14. Ne5 Be4 15. Bxe4 Nxe4 16. Qd3 Nd6 17. c5 Nf5 18. cxb6 Rxc1 19. Rxc1 axb6 20. Bc3 Bf6 {And now ...Bxe5 would win.} 21. d5 $36 {[%mdl 2048] White fights for an advantage.} Bxe5 (21... Qd6 $5 {[%cal Rf6e5]} 22. dxe6 Bxe5 23. Qxf5 Bxh2+ 24. Kh1 fxe6 $11) 22. Bxe5 {Black must now prevent d6.} Qxd5 23. Qxd5 exd5 24. Nxb6 Nc4 25. Bc7 Nd4 {[#]} (25... Nxb6 $11 {keeps the balance.} 26. Bxb6 f6) 26. Kf1 $1 $16 Nxb6 27. Bxb6 {[%mdl 4096] Endgame KRB-KRN} Ne6 {[#]} 28. a4 $1 {[%cal Ba2a4,Ba4a5][%mdl 32]} Ra8 29. a5 Kf8 30. Rd1 d4 31. Ke2 Ke7 32. Kd3 Kd6 33. Kc4 Kc6 34. Rc1 d3 (34... h6 $16 {was necessary.} 35. h3 (35. Bxd4 Nxd4 36. Kxd4+ Kb7 $16) 35... g6 36. Bxd4 Kb7 37. Rb1+ Ka6) 35. Kxd3+ $18 Kb5 36. g3 Re8 37. Rb1+ Ka6 38. Kc4 Rb8 $2 (38... Nf8 {was called for.} 39. Rd1 Re4+ 40. Kb3 Re7) 39. Rd1 Rc8+ 40. Kb4 Nf8 41. Rd6 Kb7 42. Kb5 Rc1 (42... Re8 $18 43. f4 h5) 43. a6+ {Accuracy: White = 72%, Black = 49%.} 1-0